[Event "Sydney NSW op"]
[Site "Sydney"]
[Date "2023.06.11"]
[Round "4"]
[White "Brown, Joshua"]
[Black "Quek, Shi Ning Kristine"]
[Result "1/2-1/2"]
[WhiteElo "1845"]
[BlackElo "1795"]
[PlyCount "112"]
[EventDate "2023.06.10"]
[EventType "swiss"]
[EventRounds "7"]
[EventCountry "AUS"]
[SourceTitle "CBM 214 Extra"]
[Source "ChessBase"]
[SourceDate "2023.07.31"]
[SourceVersion "1"]
[SourceVersionDate "2023.07.31"]
[SourceQuality "1"]

1. e4 c5 2. Nf3 e6 3. d4 cxd4 4. Nxd4 Nc6 5. Nc3 Qc7 6. g3 a6 7. Bg2 Nf6 8. 0-0 Be7 9. Re1 0-0 10. Nxc6 bxc6 11. e5 Nd5 12. Na4 f6 13. c4 Nb6 14. Bf4 f5 15. Nxb6 Qxb6 16. b3 a5 17. h4 Ra7 18. Qd3 c5 19. Red1 Bb7 20. Qc3 Bc6 21. Bg5 Bxg5 22. hxg5 Bxg2 23. Kxg2 f4 24. g4 Qd8 25. f3 Qxg5 26. Rh1 Qg6 27. Rad1 a4 28. Qd3 axb3 29. Qxg6 Rxa2+ 30. Kh3 hxg6 31. Rxd7 g5 32. Rb7 Kh7 33. Rh2 Ra4 34. Rb2 Rxc4 35. R2xb3 Kg6 36. Rb2 Rc3 37. Kg2 Re3 38. Re7 Rxe5 39. Rbb7 Rg8 40. Rbc7 Kf6 41. Rf7+ Kg6 42. Rfe7 Kh6 43. Rc6 Rd5 44. Rexe6+ Kh7 45. Rc7 Rd2+ 46. Kf1 Ra8 47. Rxc5 Ra1+ 48. Re1 Raa2 49. Rxg5 Rf2+ 50. Kg1 Rg2+ 51. Kh1 Rh2+ 52. Kg1 Rhg2+ 53. Kf1 g6 54. Rd1 Rh2 55. Kg1 Rh3 56. Re1 Rhh2 1/2-1/2

[Event "AUS-ch Major"]
[Site "Sydney"]
[Date "2020.01.02"]
[Round "1"]
[White "Can, Ryan"]
[Black "Brown, Joshua"]
[Result "0-1"]
[WhiteElo "1387"]
[BlackElo "1878"]
[PlyCount "50"]
[EventDate "2020.01.02"]
[EventType "swiss"]
[EventRounds "11"]
[EventCountry "AUS"]
[SourceTitle "EXT 2021"]
[Source "ChessBase"]
[SourceDate "2020.10.23"]
[SourceVersion "1"]
[SourceVersionDate "2020.10.23"]
[SourceQuality "1"]

1. d4 f5 2. Bg5 Nf6 3. Bxf6 exf6 4. Nf3 d5 5. e3 Bd6 6. c4 Be6 7. Qb3 dxc4 8. Bxc4 Bxc4 9. Qxc4 Qd7 10. Nc3 Nc6 11. a3 0-0-0 12. b4 Kb8 13. Rb1 g5 14. b5 Ne7 15. b6 cxb6 16. 0-0 Rc8 17. Qb3 g4 18. Nd2 Bxh2+ 19. Kh1 Bc7 20. Nb5 h5 21. Nc4 h4 22. d5 Qxd5 23. Qa4 Nc6 24. Rfd1 Qe4 25. Nxc7 h3 0-1

[Event "US Amateur West-ch"]
[Site "Palo Verde"]
[Date "2003.05.24"]
[Round "1"]
[White "Brown, Joshua"]
[Black "Duren, Fred"]
[Result "0-1"]
[WhiteElo "1809"]
[BlackElo "1445"]
[PlyCount "71"]
[EventDate "2003.05.24"]
[EventType "swiss"]
[EventRounds "6"]
[EventCountry "USA"]
[SourceTitle "EXT 2014"]
[Source "ChessBase"]
[SourceDate "2013.11.20"]
[SourceVersion "1"]
[SourceVersionDate "2013.11.20"]
[SourceQuality "1"]

1. e4 d5 2. exd5 Nf6 3. Bc4 Nxd5 4. d3 Nb6 5. Bb3 Nc6 6. a3 Nd4 7. Ba2 Be6 8. Nc3 Bxa2 9. Rxa2 Nd5 10. Nge2 e5 11. Qd2 Be7 12. b3 0-0 13. 0-0 f5 14. Nxd4 exd4 15. Ne2 c5 16. c3 dxc3 17. Nxc3 Bf6 18. Bb2 Bd4 19. Ne2 Qf6 20. Nxd4 cxd4 21. Raa1 f4 22. Qa5 Nc3 23. Bxc3 dxc3 24. Rac1 Rac8 25. Rc2 Qd4 26. Qb5 a6 27. Qxb7 Qxd3 28. Rfc1 Rfd8 29. Qe7 Qxc2 30. Qe6+ Kf8 31. Re1 Re8 32. Qd6+ Kg8 33. Qd5+ Kh8 34. Ra1 h6 35. Qf3 Qe4 36. Qg4 0-1